Loading...
New dimensions in Indian music dance and drama /
| Format: | Printed Book |
|---|---|
| Udgivet: |
New Delhi:
Sundeep,
1998.
|
| Fag: |
| LEADER | 00434cam a2200145ua 4500 | ||
|---|---|---|---|
| 008 | 110121t1998||||||||||| 00 ||||| c | ||
| 083 | |b NEW | ||
| 245 | 0 | 0 | |a New dimensions in Indian music dance and drama / |
| 260 | |a New Delhi: |b Sundeep, |c 1998. | ||
| 300 | |a 337p.. | ||
| 362 | 1 | |a 1998. | |
| 650 | 0 | |a Music-India | |
| 942 | |c BK | ||
| 999 | |c 24671 |d 24671 | ||
| 952 | |0 0 |1 0 |4 0 |6 NE |7 0 |9 26249 |a KUCL |b KUCL |d 2014-05-23 |l 0 |o NE |p 22463 |r 2014-05-23 |w 2014-05-23 |y BK | ||